000 005270000a22001810004500
003 MACL
005 20160410125446.0
008 160410b xxu||||| |||| 00| 0 eng d
040 _aMACL
_cMACL
041 _aHindi
082 _a370
100 _aमेहरा नवीन
_951689
245 _aचटटान, मिटटी और खनिज
260 _bजनवाणी प्रकाशन
_c1999
_aनई दिल्‍ली
350 _a100
650 _aEarth Science
_95772
942 _cHIN
_k370
_2ddc
999 _c10895
_d10895